| 000 | 00926nam a2200253 i 4500 | ||
|---|---|---|---|
| 001 | 17977 | ||
| 003 | ES-MaACL | ||
| 005 | 20251012063036.0 | ||
| 007 | t| | ||
| 008 | 010810s2000 sp ||||1| spa d | ||
| 080 | _a338.45.02(460)"17" | ||
| 100 | 1 |
_aRodríguez Campomanes, Pedro, _d1723-1803 _998399 |
|
| 245 | 1 | 0 | _aDiscurso sobre el fomento de la industria popular. |
| 250 | _aEd. facs. | ||
| 260 |
_a[Madrid] : _bMinisterio de Agricultura, Pesca y Alimentación, _c[s.a.] |
||
| 300 |
_a198 p. ; _c16 cm. |
||
| 534 |
_pReprod. facs. de. _tDiscurso sobre el fomento de la industria popular, _c-- Madrid : Antonio de Sancha, 1774. |
||
| 651 | 4 |
_aEspaña- _xPolítica industrial- _yS.XVIII. _98432 |
|
| 655 | 7 |
_2tgfbne _9226495 _aFacsímiles |
|
| 710 | 1 |
_aEspaña. _bMinisterio de Agricultura, Pesca y Alimentación. _93840 |
|
| 852 |
_aES-MaACL _jL-24743 _bR.130384 |
||
| 942 | _2udc | ||
| 999 |
_c17977 _d17977 |
||